000 00400nam a2200145Ia 4500
008 151213s9999 xx 000 0 und d
100 _aMorris Miller
245 _aDebt & The Environment Converging Crises
_cMorris Miller
260 _aNew York
_bUnited Nation Publication
_c1991
300 _a2808 p.
650 _aManagement
650 _aManagement
700 _aMorris Miller
999 _c1918
_d1918